Villes d'Argentine - Carte Quiz - Statistiques

Statistiques générales
  • Ce quiz a été pris 102 fois
  • Le résultat moyen est 6 sur 10
Réponses sur la Carte
Les réponses sont colorées sur une échelle allant du rouge au vert en fonction du pourcentage des utilisateurs qui les ont devinées à leur premier essai. Vous pouvez retrouver ces pourcentages ci-dessous.
 
Statistiques - réponses
Réponse % Correct
Buenos Aires
97%
Ushuaia
88%
Mar del Plata
74%
Rosario
68%
Córdoba
61%
Mendoza
60%
Salta
51%
San Carlos de Bariloche
50%
Neuquén
49%
Santiago del Estero
38%
Aucun quiz correspondant
Distribution des résultats
% des personnes avec chaque résultat
Percentile par nombre de réponses
Votre historique - résultats
Vous n’avez pas pris ce quiz